000 00891 a2200445 4500
000 BKB
001 136693
005 20200902153105.0
008
010 _a
020 _a9780720611670
082 _a792.09
_bF89B
100 1 _aFreund, Philip
110 _a
245 1 _aThe birth of theatre
_cby Philip Freund
250 _a
260 _aLondon
_bPeter owen
_c2003
300 _a811p.
490 _a
_v
500 _a
600 _a
610 _a
611 _a
630 _aCulture & media
650 _a
651 _a
654 _a
690 _aTheater; Rome (Empire); Greece; Classical drama
700 _a
_b
_c
710 _a
_b
_c
711 _a
720 _a
730 _a
740 _a
752 _a
856 _a
_d
_f
904 _a
964 _a
_b
_c
_d
_e
_f
_g
965 _a
999 _c9883
_d9883